[Event "Stuttgarter Stadtmeisterschaft A"]
[Site "Ditzingen"]
[Date "2015.05.16"]
[Round "5.17"]
[White "Höglauer, Patrick"]
[Black "Flick, Antoine"]
[Result "1-0"]
[WhiteElo "2079"]
[BlackElo "2167"]
[PlyCount "59"]
[EventDate "2015.??.??"]
[WhiteTeam "SV Backnang"]

1. d4 Nf6 2. c4 g6 3. Nc3 d5 4. cxd5 Nxd5 5. g3 Bg7 6. Bg2 Nb6 7. Nf3 Nc6 8. e3
Bg4 9. h3 Bxf3 10. Bxf3 e5 11. d5 Ne7 12. e4 O-O 13. b3 Nbc8 14. O-O Nd6 15.
Ba3 Qd7 16. Kg2 f5 17. Rc1 Rf7 18. Qc2 Kh8 19. Na4 fxe4 20. Bg4 Nef5 21. Nc5
Qb5 22. Ne6 Nd4 23. Nxd4 exd4 24. Bxd6 Qxd5 25. Bb4 e3+ 26. Kg1 h5 27. Qxg6
hxg4 28. Rc5 Rf6 29. Qxf6 Qxc5 30. Qh4+ 1-0

[Event "Stuttgarter Stadtmeisterschaft A"]
[Site "Ditzingen"]
[Date "2015.05.16"]
[Round "5.18"]
[White "Denisow, Jewgeny"]
[Black "Hirtreiter, Pierre"]
[Result "1-0"]
[WhiteElo "2170"]
[BlackElo "2027"]
[PlyCount "57"]
[EventDate "2015.??.??"]
[WhiteTeam "SG Schwäbisch Gmünd"]
[BlackTeam "SK München Südost"]

1. e4 c5 2. d4 cxd4 3. c3 dxc3 4. Nxc3 Nc6 5. Nf3 d6 6. Bc4 a6 7. e5 dxe5 8.
Qxd8+ Nxd8 9. Nd5 Ne6 10. Nb6 Rb8 11. Nxe5 Nf6 12. O-O g6 13. Re1 Nd7 14. Bxe6
fxe6 15. Nexd7 Bxd7 16. Bf4 Rd8 17. Bc7 Bc6 18. Bxd8 Kxd8 19. Rxe6 Kc7 20. Nc4
Bd5 21. Re2 e6 22. Ne3 Bc6 23. h3 Bg7 24. Rd1 b5 25. Rc2 Rc8 26. b3 Bf8 27. Ng4
Bd6 28. Re1 Re8 29. Rec1 1-0

[Event "Stuttgarter Stadtmeisterschaft A"]
[Site "Ditzingen"]
[Date "2015.05.16"]
[Round "5.19"]
[White "Debus, Alfred"]
[Black "Pfeifer, Wilfried"]
[Result "1-0"]
[WhiteElo "2143"]
[BlackElo "2007"]
[PlyCount "65"]
[EventDate "2015.??.??"]
[WhiteTeam "SK Marburg"]
[BlackTeam "TSF Ditzingen"]

1. e4 c6 2. d4 d5 3. exd5 cxd5 4. c4 Nf6 5. Nc3 Nc6 6. Nf3 e6 7. cxd5 Nxd5 8.
Bd3 Be7 9. O-O O-O 10. Re1 Nf6 11. a3 Re8 12. Bc2 Bf8 13. Qd3 g6 14. Bg5 h6 15.
Be3 a6 16. Rad1 Nd5 17. h4 Nxe3 18. Rxe3 Bg7 19. h5 g5 20. Ne5 f5 21. Qc4 Nxe5
22. dxe5 Qe7 23. Bxf5 b5 24. Qb3 Qc5 25. Bb1 Bb7 26. Qc2 Rad8 27. Qh7+ Kf8 28.
Rde1 Rd2 29. Be4 Re7 30. Bxb7 Rxb7 31. Ne4 Qd5 32. Rf3+ Ke8 33. Qg8+ 1-0

[Event "Stuttgarter Stadtmeisterschaft A"]
[Site "Ditzingen"]
[Date "2015.05.16"]
[Round "5.21"]
[White "Schulte, Torsten"]
[Black "Braun, Rüdiger-Thomas"]
[Result "1-0"]
[WhiteElo "2117"]
[BlackElo "1940"]
[PlyCount "43"]
[EventDate "2015.??.??"]
[WhiteTeam "SC Eppingen"]
[BlackTeam "SF Birkenfeld"]

1. d4 Nf6 2. Nf3 e6 3. c4 b6 4. Nc3 Bb7 5. Bg5 Be7 6. e3 h6 7. Bh4 O-O 8. Bd3
d5 9. Bxf6 Bxf6 10. cxd5 exd5 11. O-O c5 12. Rc1 Qd6 13. Qa4 c4 14. Bb1 g6 15.
e4 Bc6 16. Qd1 Bg7 17. Re1 dxe4 18. Bxe4 a6 19. a4 Rd8 20. Qe2 Ra7 21. Qxc4
Bxd4 22. Rcd1 1-0

[Event "Stuttgarter Stadtmeisterschaft A"]
[Site "Ditzingen"]
[Date "2015.05.16"]
[Round "5.22"]
[White "Schwab, Matthias"]
[Black "Ruff, Robert"]
[Result "1-0"]
[WhiteElo "2106"]
[BlackElo "1821"]
[PlyCount "135"]
[EventDate "2015.??.??"]
[WhiteTeam "SC Böblingen"]
[BlackTeam "SK Sachsenheim"]

1. d4 d5 2. c4 e6 3. Nc3 Nf6 4. cxd5 exd5 5. Bg5 Nbd7 6. Nf3 Be7 7. e3 O-O 8.
Bd3 c6 9. O-O Re8 10. Qc2 Nf8 11. Rab1 a5 12. a3 Ne4 13. Bxe7 Qxe7 14. b4 axb4
15. axb4 Ng6 16. b5 Bg4 17. Bxe4 dxe4 18. Nd2 Bf5 19. bxc6 bxc6 20. Ne2 Bg4 21.
Ng3 Qh4 22. Ndxe4 Re6 23. Rfe1 Ne7 24. f3 Bf5 25. Nxf5 Nxf5 26. Qc5 g6 27. Re2
Qh6 28. Qc3 Rd8 29. Rb6 Ra8 30. Rb1 Rd8 31. Rbe1 Nh4 32. Ng3 Qg5 33. e4 Rde8
34. Ra1 Qb5 35. Rb2 Qg5 36. Rb6 h5 37. Qc1 Qd8 38. Qc5 Qf6 39. Rd1 Qf4 40. Rxc6
Qe3+ 41. Kh1 Rxc6 42. Qxc6 Rb8 43. Qc2 Rb3 44. Nf1 Qc3 45. Qxc3 Rxc3 46. Kg1
Rc2 47. Rd2 Rc1 48. Kf2 g5 49. d5 Kf8 50. Ne3 Ke7 51. Nf5+ Nxf5 52. exf5 Kd6
53. Re2 Rc5 54. f6 Rxd5 55. Re7 Rf5 56. Rxf7 Ke6 57. Rf8 Rxf6 58. Rxf6+ Kxf6
59. Ke3 Ke5 60. g3 Kf5 61. Kd4 h4 62. Kd5 hxg3 63. hxg3 Kf6 64. Kd6 Kf7 65. Ke5
Kg6 66. Ke6 Kg7 67. Kf5 Kh6 68. g4 1-0

[Event "Stuttgarter Stadtmeisterschaft A"]
[Site "Ditzingen"]
[Date "2015.05.16"]
[Round "5.23"]
[White "Zymberi, Agron"]
[Black "Schnepel, Thomas"]
[Result "1-0"]
[WhiteElo "2089"]
[BlackElo "1930"]
[PlyCount "123"]
[EventDate "2015.??.??"]
[WhiteTeam "SC Villingen"]
[BlackTeam "SC Pforzheim"]

1. d4 Nf6 2. c4 c5 3. d5 e6 4. Nc3 exd5 5. cxd5 d6 6. e4 g6 7. f4 Bg7 8. Bb5+
Nfd7 9. a4 Qh4+ 10. g3 Qe7 11. Nge2 O-O 12. O-O Na6 13. Ra3 Nb4 14. a5 Nf6 15.
Bd3 Bh3 16. Re1 Bg4 17. Bb1 Bf3 18. Rf1 Bxe4 19. Nxe4 Nxe4 20. f5 Qe5 21. Bf4
Qxf5 22. Bxd6 Qxf1+ 23. Kxf1 Nxd6 24. Qc1 Rac8 25. Re3 Bd4 26. Rf3 Bg7 27. Qd2
Rfe8 28. Re3 Nc4 29. Rxe8+ Rxe8 30. Qc1 Nxd5 31. Kf2 Nde3 32. Bd3 Nxb2 33. Bb1
c4 34. Bc2 Ng4+ 35. Kf3 h5 36. Nf4 Nxh2+ 37. Kg2 Ng4 38. Kh3 Nf2+ 39. Kg2 Ng4
40. Bb1 Ne3+ 41. Kh3 Nbd1 42. Qd2 c3 43. Qd7 Nf2+ 44. Kh2 Nfg4+ 45. Kg1 Rf8 46.
Ba2 c2 47. Ne2 Bb2 48. Qxb7 c1=Q+ 49. Nxc1 Bxc1 50. Qb1 Nf5 51. Qxc1 Nxg3 52.
Qc7 Kg7 53. Qxg3 Re8 54. Qc3+ Kh6 55. Bxf7 Re3 56. Qd2 Kg7 57. Bd5 Rg3+ 58. Bg2
Ne3 59. Qd4+ Kh7 60. Qxa7+ Kh6 61. Kf2 h4 62. Qxe3+ 1-0

[Event "Stuttgarter Stadtmeisterschaft A"]
[Site "Ditzingen"]
[Date "2015.05.16"]
[Round "5.24"]
[White "Unger, Franz"]
[Black "Maj, Kornel"]
[Result "1/2-1/2"]
[WhiteElo "1985"]
[BlackElo "2073"]
[PlyCount "98"]
[EventDate "2015.??.??"]
[WhiteTeam "SK Sachsenheim"]
[BlackTeam "Stuttgarter SF"]

1. e4 c5 2. Nf3 d6 3. d4 cxd4 4. Qxd4 Nc6 5. Bb5 Bd7 6. Bxc6 bxc6 7. c4 Qb6 8.
Be3 Qxd4 9. Bxd4 c5 10. Bc3 Bc6 11. Nbd2 e6 12. O-O Ne7 13. Rfe1 Rg8 14. h4 h6
15. Nh2 Bb7 16. Rad1 Nc6 17. Ndf3 Be7 18. Nf1 e5 19. Ne3 Nd4 20. Bxd4 exd4 21.
Nd5 Bxd5 22. exd5 Rb8 23. Re2 Kd7 24. Rd3 Rb4 25. Ra3 Rb7 26. g3 g5 27. hxg5
Bxg5 28. Nxg5 Rxg5 29. Rf3 Kd8 30. Rf6 Rg6 31. Rf4 Rg5 32. Rf6 Rg6 33. Rf4 Re7
34. Kf1 Rg5 35. Rf6 Kd7 36. Rf3 Rge5 37. Rxe5 dxe5 38. Ke2 e4 39. Rf6 e3 40.
fxe3 Rxe3+ 41. Kf2 Re7 42. Rxh6 d3 43. Rh1 Re2+ 44. Kf3 Rxb2 45. Rd1 Rxa2 46.
Rxd3 Rc2 47. Ra3 Rxc4 48. Rxa7+ Kd6 49. Rxf7 Kxd5 1/2-1/2

[Event "Stuttgarter Stadtmeisterschaft A"]
[Site "Ditzingen"]
[Date "2015.05.16"]
[Round "5.25"]
[White "Enneking, Hermann"]
[Black "Quernheim, Daniel"]
[Result "0-1"]
[WhiteElo "1881"]
[BlackElo "2029"]
[PlyCount "64"]
[EventDate "2015.??.??"]
[WhiteTeam "TSV Schönaich"]
[BlackTeam "SC Botnang"]

1. d4 c5 2. Nf3 Nf6 3. c4 cxd4 4. Nxd4 e5 5. Nb3 d5 6. cxd5 Qxd5 7. Qxd5 Nxd5
8. Bd2 Nb4 9. Bxb4 Bxb4+ 10. N3d2 Be6 11. a3 Ba5 12. b4 Bb6 13. e3 O-O 14. Nc3
Nd7 15. Be2 f5 16. O-O Rac8 17. Rac1 Rc6 18. Na4 Rfc8 19. Rxc6 Rxc6 20. Bb5 Rc2
21. Rd1 Bc7 22. h3 a6 23. Bxd7 Bxd7 24. Nc5 Bc6 25. Nf3 Kf7 26. Ne1 Rc3 27. Ra1
Bd6 28. Ncd3 Bb5 29. Nb2 Ke6 30. Nd1 Rb3 31. g4 fxg4 32. hxg4 Be2 0-1

[Event "Stuttgarter Stadtmeisterschaft A"]
[Site "Ditzingen"]
[Date "2015.05.16"]
[Round "5.26"]
[White "Schömbs, Oliver"]
[Black "Doll, Michael"]
[Result "0-1"]
[WhiteElo "1920"]
[BlackElo "2182"]
[PlyCount "50"]
[EventDate "2015.??.??"]
[WhiteTeam "SC Ingersheim"]
[BlackTeam "SV Nürtingen"]

1. e4 e6 2. d4 d5 3. Nc3 Bb4 4. e5 c5 5. a3 Bxc3+ 6. bxc3 Qc7 7. f4 Nh6 8. Nf3
b6 9. Bb5+ Bd7 10. Be2 Nc6 11. Bb2 cxd4 12. cxd4 Na5 13. Nd2 Nf5 14. Kf2 O-O
15. g4 Ne7 16. Nf1 f6 17. Kg3 fxe5 18. fxe5 Ba4 19. Ne3 Ng6 20. Rf1 Rxf1 21.
Qxf1 Rf8 22. Qe1 Qf7 23. Ng2 Bxc2 24. Rc1 Be4 25. Bc3 Qf3+ 0-1

[Event "Stuttgarter Stadtmeisterschaft A"]
[Site "Ditzingen"]
[Date "2015.05.16"]
[Round "5.27"]
[White "Gehringer, Frank"]
[Black "Schönhof, Timo"]
[Result "1-0"]
[WhiteElo "2050"]
[BlackElo "1947"]
[PlyCount "115"]
[EventDate "2015.??.??"]
[WhiteTeam "SC Leinfelden"]
[BlackTeam "C4 Chess Club"]

1. e4 c5 2. Nf3 g6 3. g3 Bg7 4. Bg2 Nc6 5. d3 d6 6. O-O Rb8 7. c3 e5 8. Be3 Nf6
9. h3 O-O 10. Qd2 b6 11. Na3 Ba6 12. c4 Bc8 13. Rad1 Ne8 14. Nb1 f5 15. Ne1 Nd4
16. Nc3 Nc7 17. Nd5 Nxd5 18. cxd5 f4 19. gxf4 exf4 20. Bxd4 Bxd4 21. Nf3 Qf6
22. Nxd4 Qxd4 23. Rfe1 Rb7 24. Qc3 Qxc3 25. bxc3 f3 26. Bf1 Re7 27. Re3 Rf4 28.
Rde1 Kf7 29. Kh2 Bb7 30. Kg3 g5 31. c4 Kf6 32. Rxf3 Rxf3+ 33. Kxf3 Ke5 34. Ke3
Rf7 35. Be2 Bc8 36. Rg1 h6 37. Bg4 Bxg4 38. Rxg4 Kf6 39. h4 Rb7 40. a4 a6 41.
hxg5+ hxg5 42. f4 gxf4+ 43. Rxf4+ Kg5 44. Rf1 b5 45. Rb1 b4 46. d4 Rh7 47. dxc5
dxc5 48. e5 Kf5 49. e6 Ke5 50. Re1 Kd6 51. Kf4 Ke7 52. Kf5 Rh5+ 53. Kg6 Rh2 54.
d6+ Ke8 55. Kf6 Rf2+ 56. Ke5 Rh2 57. Kd5 Rh5+ 58. Kc6 1-0

[Event "Stuttgarter Stadtmeisterschaft A"]
[Site "Ditzingen"]
[Date "2015.05.16"]
[Round "5.28"]
[White "Faulhaber, Rolf"]
[Black "Baenziger, Fabian"]
[Result "1/2-1/2"]
[WhiteElo "2039"]
[BlackElo "1954"]
[PlyCount "77"]
[EventDate "2015.??.??"]
[WhiteTeam "SK Tauberbischofsheim"]

1. Nf3 Nf6 2. c4 g6 3. g3 Bg7 4. Bg2 O-O 5. d4 d6 6. O-O Nbd7 7. Nc3 e5 8. e4
c6 9. h3 Qb6 10. c5 dxc5 11. dxe5 Ne8 12. e6 fxe6 13. Ng5 Ne5 14. f4 Nf7 15.
Nxf7 Rxf7 16. e5 Qc7 17. Ne4 Rd7 18. Qb3 Rd5 19. Be3 b6 20. Rfd1 Bb7 21. Nc3
Rad8 22. Nxd5 cxd5 23. Rac1 Bf8 24. g4 Rd7 25. Bf2 Rf7 26. Bg3 c4 27. Qc2 b5
28. Rf1 Bc5+ 29. Kh2 Ng7 30. Rcd1 d4 31. Bxb7 Qxb7 32. Qg2 Qxg2+ 33. Kxg2 d3
34. Bf2 Bxf2 35. Kxf2 Rd7 36. Kf3 Ne8 37. Ke3 Nc7 38. Kd2 Nd5 39. f5 1/2-1/2

[Event "Stuttgarter Stadtmeisterschaft A"]
[Site "Ditzingen"]
[Date "2015.05.16"]
[Round "5.29"]
[White "Notz, Lukas"]
[Black "Häußler, Daniel"]
[Result "1-0"]
[WhiteElo "1849"]
[BlackElo "2000"]
[PlyCount "57"]
[EventDate "2015.??.??"]
[WhiteTeam "SV Dettingen Erms"]
[BlackTeam "SC Ostfildern"]

1. c4 Nf6 2. g3 g6 3. Bg2 Bg7 4. Nc3 c6 5. d3 O-O 6. e4 e5 7. Nge2 Na6 8. O-O
Nc7 9. f4 d6 10. h3 a6 11. a4 a5 12. Rb1 Ne6 13. f5 Nc5 14. g4 gxf5 15. exf5 h6
16. Be3 Qc7 17. Ng3 b6 18. h4 d5 19. cxd5 cxd5 20. Nxd5 Nxd5 21. Bxd5 Bb7 22.
Bxb7 Qxb7 23. f6 Bh8 24. Bxh6 Rfd8 25. Qc1 Rxd3 26. Qg5+ Kh7 27. Kh2 Rad8 28.
Rf2 Rxg3 29. Bg7 1-0

[Event "Stuttgarter Stadtmeisterschaft A"]
[Site "Ditzingen"]
[Date "2015.05.16"]
[Round "5.30"]
[White "Pelezki, Eugen"]
[Black "Kuhlmann, Hans-Peter"]
[Result "1-0"]
[WhiteElo "2010"]
[BlackElo "1910"]
[Annotator "Microsoft"]
[PlyCount "136"]
[EventDate "2015.??.??"]
[WhiteTeam "SV Wendlingen"]
[BlackTeam "Spvgg Renningen"]

1. c4 Nf6 2. Nc3 e6 3. g3 d5 4. d4 Be7 5. Bg2 O-O 6. Nf3 Nbd7 7. cxd5 exd5 8.
O-O c6 9. Re1 Re8 10. Qd3 Bb4 11. Bg5 h6 12. Bxf6 Nxf6 13. Rac1 Ne4 14. a3 Nxc3
15. axb4 Nb5 16. Nd2 Qf6 17. Nb3 Bf5 18. Qd2 Nd6 19. Qf4 g5 20. Qf3 Kg7 21. g4
Be4 22. Qxf6+ Kxf6 23. f3 Bg6 24. Nc5 Re7 25. e4 dxe4 26. fxe4 Rae8 27. e5+ Kg7
28. Kf2 Nb5 29. Rcd1 Rd8 30. d5 cxd5 31. Rxd5 Rxd5 32. Bxd5 b6 33. Nb3 Bc2 34.
Bc4 Rc7 35. Bxb5 Bxb3 36. Bd3 Rd7 37. Ke3 Re7 38. Kd4 Rc7 39. Re2 Rc1 40. Rf2
Rc7 41. Rf6 Be6 42. h3 Rd7+ 43. Ke4 Bd5+ 44. Kd4 Bg2+ 45. Kc4 Bxh3 46. Bf5 Bf1+
47. Kc3 Rc7+ 48. Kd2 Re7 49. Rc6 Rxe5 50. Rc7 h5 51. Rxa7 h4 52. Ra1 Bg2 53.
Re1 Rxe1 54. Kxe1 Kf6 55. Kf2 Bd5 56. Bd3 Ke5 57. b5 Kf4 58. Be2 Be6 59. Bf3
Bxg4 60. Bc6 Be6 61. b4 g4 62. Kg2 Ke3 63. Bb7 f5 64. Kh2 f4 65. Bg2 Bc4 66.
Kg1 f3 67. Kh2 f2 68. Kh1 h3 {ZÜ} 1-0

[Event "Stuttgarter Stadtmeisterschaft A"]
[Site "Ditzingen"]
[Date "2015.05.16"]
[Round "5.31"]
[White "Imhof, Thomas"]
[Black "Schuster, Gerhard"]
[Result "1/2-1/2"]
[WhiteElo "1938"]
[BlackElo "1997"]
[PlyCount "139"]
[EventDate "2015.??.??"]
[WhiteTeam "SGem Vaihingen-Rohr"]
[BlackTeam "SC Feuerbach"]

1. g3 d5 2. Bg2 Nf6 3. Nf3 c6 4. O-O Bg4 5. d3 Nbd7 6. b3 e6 7. Bb2 Bd6 8. Nbd2
O-O 9. Qe1 Qe7 10. e4 dxe4 11. dxe4 e5 12. h3 Bxf3 13. Nxf3 Rfe8 14. Nd2 b5 15.
Qe2 Ba3 16. Bxa3 Qxa3 17. c4 a6 18. Rfd1 Nf8 19. Nf1 Ne6 20. Ne3 Nd4 21. Qd3
Rad8 22. Nf5 Qb2 23. Kf1 g6 24. Ne3 Kg7 25. Qd2 Qa3 26. Qc1 Qb4 27. Qb2 a5 28.
f4 Qc5 29. Kf2 exf4 30. gxf4 Nxe4+ 31. Bxe4 Rxe4 32. Rd3 Rxf4+ 33. Ke1 Qe5 34.
Rb1 Nf3+ 35. Ke2 Qxb2+ 36. Rxb2 Rxd3 37. Kxd3 Ne5+ 38. Kc3 Rf3 39. Kd4 f6 40.
cxb5 cxb5 41. Rc2 Rxh3 42. Rc5 b4 43. Ke4 Rh4+ 44. Kd5 Rh5 45. Rc7+ Nf7+ 46.
Kc6 Rh2 47. Nc4 Rxa2 48. Ra7 Rc2 49. Kb5 a4 50. Kxb4 axb3 51. Kxb3 Rxc4 52.
Kxc4 g5 53. Kd5 Kg6 54. Ke6 Ne5 55. Ra8 Ng4 56. Rg8+ Kh5 57. Ra8 Kh4 58. Kf5 h5
59. Rh8 Ne3+ 60. Kxf6 Ng2 61. Kf5 g4 62. Ke4 Ne1 63. Ke3 g3 64. Ke2 Ng2 65. Kf3
Ne1+ 66. Ke2 Ng2 67. Kf3 Kh3 68. Rxh5+ Nh4+ 69. Rxh4+ Kxh4 70. Kg2 1/2-1/2

[Event "Stuttgarter Stadtmeisterschaft A"]
[Site "Ditzingen"]
[Date "2015.05.16"]
[Round "5.32"]
[White "Müller, Anja"]
[Black "Weber, Sandra"]
[Result "1-0"]
[WhiteElo "1975"]
[BlackElo "1862"]
[PlyCount "99"]
[EventDate "2015.??.??"]
[WhiteTeam "SC Ingersheim"]
[BlackTeam "SC Neckarsulm"]

1. d4 Nf6 2. c4 c5 3. d5 b5 4. Nd2 d6 5. e4 bxc4 6. Bxc4 g6 7. Ne2 Bg7 8. Nc3
O-O 9. O-O Nfd7 10. f4 Nb6 11. Bd3 Na6 12. Nf3 c4 13. Bc2 Bb7 14. Be3 e6 15.
dxe6 fxe6 16. Ng5 Qe7 17. Qg4 Nc7 18. Rae1 Bf6 19. f5 exf5 20. exf5 Qg7 21.
fxg6 hxg6 22. Ne6 Nxe6 23. Qxe6+ Kh7 24. Ne4 Bxe4 25. Bxe4 Rae8 26. Qh3+ Kg8
27. Bxb6 Bd4+ 28. Bxd4 Qxd4+ 29. Qe3 Rxe4 30. Rxf8+ Kxf8 31. Qxd4 Rxd4 32. Kf2
Kf7 33. Re2 Kf6 34. Rc2 Re4 35. Kf3 Ke5 36. Re2 Rxe2 37. Kxe2 Ke4 38. Kd2 Kd4
39. h4 Ke5 40. g4 d5 41. b3 Kf4 42. h5 gxh5 43. gxh5 Kg5 44. Kc3 Kxh5 45. bxc4
dxc4 46. Kxc4 Kg5 47. Kb5 Kf6 48. Ka6 Ke6 49. Kxa7 Kd5 50. Kb6 1-0

[Event "Stuttgarter Stadtmeisterschaft A"]
[Site "Ditzingen"]
[Date "2015.05.16"]
[Round "5.33"]
[White "Stoll, Katja"]
[Black "Hoeschele, Hans-Ulrich"]
[Result "1-0"]
[WhiteElo "1818"]
[BlackElo "2032"]
[PlyCount "135"]
[EventDate "2015.??.??"]
[WhiteTeam "SC Weiße Dame Ulm"]
[BlackTeam "Stuttgarter SF"]

1. e4 c5 2. Nf3 d6 3. d4 cxd4 4. Nxd4 Nf6 5. Nc3 a6 6. g3 g6 7. Bg2 Bg7 8. O-O
O-O 9. a4 Qc7 10. Nde2 Bd7 11. Nd5 Nxd5 12. exd5 b5 13. a5 Bf5 14. c3 Nd7 15.
Nd4 Bxd4 16. Qxd4 Nf6 17. Bg5 Rfe8 18. Rfe1 Bc2 19. Bxf6 exf6 20. Qxf6 Bb3 21.
h4 h5 22. Qf4 Re7 23. Re3 Rxe3 24. Qxe3 Rb8 25. Qd4 Qe7 26. Bf3 Rb7 27. Kg2 f5
28. Qd2 Qe8 29. Re1 Re7 30. Rxe7 Qxe7 31. Qd4 Bc4 32. Qb6 Qe1 33. Qe3 Qxe3 34.
fxe3 Kg7 35. e4 Kf6 36. Kf2 fxe4 37. Bxe4 g5 38. Ke3 gxh4 39. gxh4 Ke5 40. Bg6
Kxd5 41. Bxh5 Kc5 42. Bg6 b4 43. h5 Bg8 44. h6 bxc3 45. bxc3 Kc4 46. Kd2 Kb5
47. h7 Bxh7 48. Bxh7 Kxa5 49. Kd3 Kb5 50. Kd4 a5 51. Bg8 a4 52. Ba2 Kc6 53. c4
Kb6 54. Kd5 Kc7 55. Bb1 a3 56. Ba2 Kd7 57. Kd4 Kc6 58. Kc3 Kc5 59. Bb3 Kc6 60.
Kb4 Kb6 61. Kxa3 Kc5 62. Kb2 Kd4 63. Kc2 Kc5 64. Kc3 Kb6 65. Kd4 Ka5 66. Kd5
Kb4 67. Kxd6 Kxb3 68. c5 1-0

[Event "Stuttgarter Stadtmeisterschaft A"]
[Site "Ditzingen"]
[Date "2015.05.16"]
[Round "5.34"]
[White "Sand, Rolf"]
[Black "Stolz, Stephan"]
[Result "1-0"]
[WhiteElo "1969"]
[BlackElo "2086"]
[PlyCount "109"]
[EventDate "2015.??.??"]
[WhiteTeam "SV Tübingen"]
[BlackTeam "Stuttgarter SF"]

1. c4 c5 2. g3 Nf6 3. Bg2 d5 4. cxd5 Nxd5 5. Nc3 Nc7 6. Nf3 Nc6 7. O-O e5 8. a3
Be7 9. b4 cxb4 10. axb4 Bxb4 11. Nxe5 Nxe5 12. Qa4+ Bd7 13. Qxb4 Nc6 14. Qe4+
Qe7 15. Ba3 Qxe4 16. Nxe4 Nb5 17. Nd6+ Nxd6 18. Bxd6 h5 19. Rfb1 Nd8 20. Bc7
Bc6 21. Bxd8 Rxd8 22. Bxc6+ bxc6 23. d3 Ra8 24. Rxa7 Rxa7 25. Rb8+ Ke7 26. Rxh8
Ra2 27. Kf1 g6 28. Rb8 h4 29. gxh4 Kf6 30. Rb4 Rc2 31. Re4 Rc1+ 32. Kg2 Ra1 33.
Rc4 Ra6 34. Rc5 Ke7 35. h5 Kd6 36. Rg5 gxh5 37. Rxh5 Ra2 38. Kf3 c5 39. Rf5 Ra7
40. h4 Rc7 41. Rf4 Ke6 42. h5 f5 43. Rh4 Rh7 44. Kf4 Kf6 45. Rh1 Rh6 46. Rc1
Rxh5 47. Rxc5 Rh4+ 48. Kg3 Ra4 49. Kf3 Ke6 50. Rc4 Ra3 51. Ke3 Ra2 52. f4 Kd5
53. Rb4 Kc5 54. Rb8 Kd5 55. Re8 1-0

[Event "Stuttgarter Stadtmeisterschaft A"]
[Site "Ditzingen"]
[Date "2015.05.16"]
[Round "5.35"]
[White "Kübler, Marcus"]
[Black "Klaus, Dominik"]
[Result "1-0"]
[WhiteElo "2074"]
[BlackElo "1991"]
[PlyCount "99"]
[EventDate "2015.??.??"]
[WhiteTeam "TSV Schönaich"]
[BlackTeam "Ssg Fils-Lauter"]

1. d4 Nf6 2. c4 g6 3. Nc3 d5 4. cxd5 Nxd5 5. g3 Bg7 6. Bg2 Nxc3 7. bxc3 c5 8.
e3 Nc6 9. Ne2 O-O 10. O-O Qc7 11. Ba3 cxd4 12. cxd4 Qa5 13. Qb3 Bg4 14. Nf4
Rab8 15. h3 Bd7 16. Rac1 Rfe8 17. Nd3 Qh5 18. Rc5 Qh6 19. h4 Bf6 20. Bc1 Qg7
21. Bb2 e6 22. Rfc1 Rec8 23. Qd1 Qf8 24. h5 Be7 25. hxg6 hxg6 26. R5c2 Na5 27.
Nc5 Bc6 28. Bxc6 Bxc5 29. Rxc5 Nxc6 30. d5 exd5 31. Qxd5 Rd8 32. Qg5 Rd2 33.
Qf6 Qh6 34. Rh5 gxh5 35. Qxh6 Rxb2 36. Qg5+ Kf8 37. Qh6+ Ke7 38. Qg5+ Kf8 39.
Qh6+ Ke7 40. Qxh5 Rxa2 41. Qc5+ Ke8 42. Rd1 a5 43. Qd5 Rd8 44. Qe4+ Kf8 45. Rb1
Nb4 46. Rc1 Nc6 47. Rc5 Rdd2 48. Rf5 Ne7 49. Rf4 Ng6 50. Qxg6 1-0

[Event "Stuttgarter Stadtmeisterschaft A"]
[Site "Ditzingen"]
[Date "2015.05.16"]
[Round "5.36"]
[White "Jurasin, Marin"]
[Black "Zeller, Elisa"]
[Result "1/2-1/2"]
[WhiteElo "2021"]
[BlackElo "1956"]
[PlyCount "74"]
[EventDate "2015.??.??"]
[WhiteTeam "SG Schönbuch"]
[BlackTeam "SF Göppingen"]

1. e4 e6 2. d4 d5 3. Nd2 Nf6 4. e5 Nfd7 5. f4 c5 6. c3 Nc6 7. Ndf3 cxd4 8. cxd4
Be7 9. Bd3 Qb6 10. Ne2 O-O 11. O-O Re8 12. Kh1 Nf8 13. b3 Bd7 14. Be3 Rac8 15.
g4 f6 16. exf6 Bxf6 17. g5 Be7 18. Ne5 Nxe5 19. fxe5 Red8 20. h4 Be8 21. Ng3
Ng6 22. Bxg6 Bxg6 23. h5 Be8 24. Rc1 Ba3 25. Rxc8 Rxc8 26. h6 g6 27. Ne2 Bb5
28. Rf2 Bxe2 29. Qxe2 Qd8 30. Rf6 Qe7 31. Qd2 Rc6 32. Qd3 Qe8 33. Bd2 Be7 34.
Rf1 Qd8 35. Qf3 Qf8 36. Qd3 Qd8 37. Qf3 Qf8 1/2-1/2

[Event "Stuttgarter Stadtmeisterschaft A"]
[Site "Ditzingen"]
[Date "2015.05.16"]
[Round "5.37"]
[White "Sieweck, Philipp"]
[Black "Longo, Claudio"]
[Result "1-0"]
[WhiteElo "1953"]
[BlackElo "2013"]
[PlyCount "43"]
[EventDate "2015.??.??"]
[WhiteTeam "SG Turm Kiel"]
[BlackTeam "SK Germering"]

1. e4 d5 2. exd5 Nf6 3. d4 Nxd5 4. Be2 Bf5 5. a3 e6 6. c4 Nf6 7. Nc3 Be7 8. Nf3
h6 9. h3 c6 10. O-O O-O 11. Be3 Nbd7 12. Bd3 Bxd3 13. Qxd3 Nb6 14. Rfd1 Qc7 15.
Rac1 Rad8 16. b4 c5 17. Nb5 Qb8 18. Qb3 cxd4 19. Bxd4 Nc8 20. Be5 Bd6 21. Nxd6
Nxd6 22. c5 1-0

[Event "Stuttgarter Stadtmeisterschaft A"]
[Site "Ditzingen"]
[Date "2015.05.16"]
[Round "5.38"]
[White "Boyens, Birger"]
[Black "Langjahr, Marius"]
[Result "1-0"]
[WhiteElo "1997"]
[BlackElo "1812"]
[PlyCount "87"]
[EventDate "2015.??.??"]
[WhiteTeam "Husumer SV"]
[BlackTeam "SK Sachsenheim"]

1. e4 e6 2. d4 d5 3. exd5 exd5 4. Nf3 Bd6 5. c4 c6 6. Nc3 Ne7 7. Bd3 Be6 8. c5
Bc7 9. Ng5 Qd7 10. O-O h6 11. Nxe6 Qxe6 12. Re1 Qf6 13. Qe2 Bd8 14. Be3 O-O 15.
Qc2 Nd7 16. b4 Bc7 17. a4 Rfb8 18. b5 Nf8 19. g3 Ne6 20. Ne2 Ng5 21. Bxg5 Qxg5
22. f4 Qf6 23. Kg2 Ba5 24. Rf1 Ng6 25. Rad1 Nf8 26. Ng1 Qe7 27. Rf2 f6 28. Nf3
Qf7 29. Nh4 Bc7 30. Nf5 Ne6 31. Qc3 Kf8 32. Re1 Re8 33. Nh4 Reb8 34. Rfe2 Nxf4+
35. gxf4 Qh5 36. Ng6+ Kg8 37. Bc2 b6 38. Qe3 bxc5 39. Qe6+ Kh7 40. Ne5+ Kh8 41.
Nf7+ Kg8 42. Nd8+ Kh8 43. Qe8+ Qxe8 44. Rxe8# 1-0

[Event "Stuttgarter Stadtmeisterschaft A"]
[Site "Ditzingen"]
[Date "2015.05.16"]
[Round "5.39"]
[White "Schmidt, Markus"]
[Black "Pajer, Michael"]
[Result "1/2-1/2"]
[WhiteElo "1871"]
[BlackElo "1889"]
[PlyCount "94"]
[EventDate "2015.??.??"]
[WhiteTeam "Stuttgarter SF"]
[BlackTeam "SK Bebenhausen"]

1. e4 c6 2. d4 d5 3. e5 Bf5 4. Bd3 Bxd3 5. Qxd3 e6 6. Nc3 Qb6 7. Nf3 Ne7 8. O-O
Nd7 9. Na4 Qc7 10. b4 Ng6 11. a3 Be7 12. Ng5 b6 13. Bd2 c5 14. bxc5 bxc5 15. c3
Qc6 16. Nb2 Rb8 17. Rfb1 c4 18. Qf3 O-O 19. Qh5 Bxg5 20. Qxg5 Rb3 21. Nd1 Rfb8
22. Rc1 Qa4 23. h4 Rxa3 24. Rxa3 Qxa3 25. h5 Ne7 26. Ne3 Kf8 27. Ng4 Ng8 28.
Qh4 a5 29. Kh2 Qb2 30. Be3 a4 31. h6 g6 32. Nf6 Ndxf6 33. exf6 Qb6 34. Ra1 Qc6
35. Bc1 Ke8 36. Qf4 Rb3 37. Ba3 Kd7 38. Bb4 Qc7 39. Qxc7+ Kxc7 40. Rxa4 Kb7 41.
g4 Nxf6 42. f3 Nd7 43. Ra5 f6 44. Kg3 Rb1 45. Kg2 Rb2+ 46. Kg3 Rb1 47. Kg2 Rb2+
1/2-1/2

[Event "Stuttgarter Stadtmeisterschaft A"]
[Site "Ditzingen"]
[Date "2015.05.16"]
[Round "5.40"]
[White "Wohlfahrt, Michael"]
[Black "Baumeister, Jürgen"]
[Result "1-0"]
[WhiteElo "1852"]
[BlackElo "1869"]
[PlyCount "89"]
[EventDate "2015.??.??"]
[WhiteTeam "TSF Welzheim"]
[BlackTeam "SC Asperg"]

1. e4 c5 2. Nf3 e6 3. Nc3 Nc6 4. g3 Nge7 5. Bg2 e5 6. O-O Ng6 7. Nd5 d6 8. d3
Be6 9. c4 h6 10. Qa4 Rc8 11. Bd2 Qd7 12. a3 Be7 13. b4 b6 14. b5 Nb8 15. Ne1
Bg5 16. f4 Bxd5 17. cxd5 exf4 18. gxf4 Bf6 19. Rb1 Bd4+ 20. Kh1 Nh4 21. f5 a5
22. Bh3 g5 23. Nf3 Nxf3 24. Rxf3 f6 25. Be3 Be5 26. d4 cxd4 27. Bxd4 Qd8 28.
Bxe5 dxe5 29. Qb3 Qd6 30. Rc3 Kd7 31. Rc6 Nxc6 32. dxc6+ Kc7 33. Rd1 Qf8 34.
Rd7+ Kb8 35. Rb7+ Ka8 36. Rxb6 Qc5 37. Ra6+ Kb8 38. Bf1 Rhd8 39. Qf7 Rc7 40.
Ra8+ Kxa8 41. Qxc7 Rb8 42. Qxa5+ Qa7 43. Qc3 Qa4 44. c7 Rxb5 45. c8=Q+ 1-0